| 000 | 00747cam a2200241 4500500 | ||
|---|---|---|---|
| 005 | 20260329010103.0 | ||
| 041 | _afre | ||
| 042 | _adc | ||
| 100 | 1 | 0 |
_aLarmagnac-Matheron, Octave _eauthor |
| 700 | 1 | 0 |
_aOrtoli, Sven _eauthor |
| 245 | 0 | 0 | _aMachiavel, un stratège en retrait(e) |
| 260 | _c2022. | ||
| 500 | _a84 | ||
| 690 | _aDiplomatie | ||
| 690 | _aGuerre | ||
| 690 | _aLe Prince | ||
| 690 | _aMachiavel | ||
| 690 | _aMachiavélisme | ||
| 690 | _aPolitique | ||
| 690 | _aRenaissance | ||
| 786 | 0 | _nPhilosophie magazine - Hors séries | Hors-série Hiver-Pritemps 2022 | HS52 | 2022-01-01 | p. 6-9 | 2104-9246 | |
| 856 | 4 | 1 | _uhttps://shs.cairn.info/magazine-philosophie-magazine-2022-hs52-page-6?lang=fr&redirect-ssocas=7080 |
| 999 |
_c1849382 _d1849382 |
||